Teenage Grand Slam Champions - Statistics

General Stats
  • This quiz has been taken 50 times
  • The average score is 13 of 24
Answer Stats
Year Slam Player % Correct
2005 FR Rafael Nadal
82%
2022 US Carlos Alcaraz
80%
1999 US Serena Williams
80%
1985 WM Boris Becker
73%
2023 US Coco Gauff
70%
1990 FR Monica Seles
68%
1990 US Pete Sampras
68%
1987 FR Steffi Graf
68%
2021 US Emma Raducanu
66%
1974 FR Björn Borg
61%
2020 FR Iga Świątek
59%
2004 WM Maria Sharapova
57%
1997 AU Martina Hingis
55%
1974 FR Chris Evert
50%
1989 FR Michael Chang
50%
1982 FR Mats Wilander
43%
1989 FR Arantxa Sánchez Vicario
39%
1979 US Tracy Austin
34%
2019 US Bianca Andreescu
32%
1971 AU Evonne Goolagong
32%
1985 AU Stefan Edberg
30%
1980 AU Hana Mandlíková
25%
1997 FR Iva Majoli
23%
2004 US Svetlana Kuznetsova
16%
No matching quizzes found
Score Distribution
Percent of People with Each Score
Percentile by Number Answered
Your Score History
You have not taken this quiz